Southville International School and Colleges
Your cart is empty.
  • Cart
  • Lists
    Public lists Eva Luna New books Lux_list list_1
    Your lists Log in to create your own lists
  • Log in to your account
  • Your cookies
  • Search history
Southville International School and Colleges
  • Advanced search
  • Recent comments
  • Most popular
  • Libraries

Log in to your account

Log in with GOOGLE


If you do not have an external account, but do have a local account, you can still log in:

  1. Home
  2. MARC view: Dubai from the sky /
Normal view MARC view ISBD view

Dubai from the sky / (Record no. 355208)

[ view plain ]
MARC details
000 -LEADER
fixed length control field 00430nam a2200181Ia 4500
008 - FIXED-LENGTH DATA ELEMENTS--GENERAL INFORMATION
fixed length control field 180207s9999 xx 000 0 und d
020 ## - INTERNATIONAL STANDARD BOOK NUMBER
International Standard Book Number 9780007591152
050 ## - LIBRARY OF CONGRESS CALL NUMBER
Item number A355 2011
100 ## - MAIN ENTRY--PERSONAL NAME
Personal name Alcraft, Rob.
245 ## - TITLE STATEMENT
Title Dubai from the sky /
245 ## - TITLE STATEMENT
Statement of responsibility, etc Rob Alcraft.
260 ## - PUBLICATION, DISTRIBUTION, ETC. (IMPRINT)
Place of publication, distribution, etc London :
260 ## - PUBLICATION, DISTRIBUTION, ETC. (IMPRINT)
Name of publisher, distributor, etc Collins,
260 ## - PUBLICATION, DISTRIBUTION, ETC. (IMPRINT)
Date of publication, distribution, etc 2015
300 ## - PHYSICAL DESCRIPTION
Extent 23 pages :
300 ## - PHYSICAL DESCRIPTION
Other physical details color illustration ;
440 ## - SERIES STATEMENT/ADDED ENTRY--TITLE
Title Collins big cat.
Holdings
Withdrawn status Lost status Damaged status Home library Current library Date acquired Total Checkouts Full call number Barcode Date last seen Price effective from Koha item type
      Stonyhurst Southville International School (Malarayat) Stonyhurst Southville International School (Malarayat) 02/07/2018   ER A355 2011 SSISM4753 02/07/2018 02/07/2018 Books

Dubai from the sky /

APA

Alcraft R., .Dubai from the sky. London: .

Chicago

Alcraft Rob, .Dubai from the sky. London: .

Harvard

Alcraft R., .Dubai from the sky. London: .

MLA

Alcraft Rob, .London: . .

  • Place hold
  • Print
  • Cite
  • Add to your cart (remove)
  • Save record
    BIBTEX Dublin Core MARCXML MARC (non-Unicode/MARC-8) MARC (Unicode/UTF-8) MARC (Unicode/UTF-8, Standard) MODS (XML) RIS
  • More searches
    Search for this title in:
    Other Libraries (WorldCat) Other Databases (Google Scholar) Online Stores (Bookfinder.com) Open Library (openlibrary.org)

Exporting to Dublin Core...

SOUTHVILLE LIBRARY

Southville International School and Colleges Library

1281 Tropical Ave. Cor. Luxembourg St., BF Homes International, Las Pinas City

Tel. No. 8256374 / 252358 Loc. 117/146

Powered by Koha